Electricité / (Record no. 9614)
[ view plain ]
| 000 -LEADER | |
|---|---|
| fixed length control field | 00773cas a2200265u| 4500 |
| 001 - CONTROL NUMBER | |
| control field | 9614 |
| 003 - CONTROL NUMBER IDENTIFIER | |
| rucl marc code | BD-RjUL |
| 005 - DATE AND TIME OF LATEST TRANSACTION | |
| control field | 20211208234816.0 |
| 008 - FIXED-LENGTH DATA ELEMENTS--GENERAL INFORMATION | |
| fixed length control field | 140121s1963 fr a |||||||||||| ||fre| |
| 035 ## - SYSTEM CONTROL NUMBER | |
| System control number | (BD-RjUL)9659 |
| 040 ## - CATALOGING SOURCE | |
| Original cataloging agency | DLC |
| Transcribing agency | CarP |
| Modifying agency | DLC |
| -- | BD-RjUL |
| Language of cataloging | eng |
| 041 ## - LANGUAGE CODE | |
| Language code of text/sound track or separate title | eng |
| 082 04 - DEWEY DECIMAL CLASSIFICATION NUMBER | |
| Edition number | 19 |
| Classification number | 537 |
| Author mark and year | VAE 1963 |
| 100 1# - MAIN ENTRY--PERSONAL NAME | |
| Personal name | Valkenburgh, van, |
| 9 (RLIN) | 29770 |
| 245 00 - TITLE STATEMENT | |
| Title | Electricité / |
| Statement of responsibility, etc. | Van Valkenburgh. |
| 260 ## - PUBLICATION, DISTRIBUTION, ETC. (IMPRINT) | |
| Date of publication, distribution, etc. | New York : |
| Place of publication, distribution, etc. | The brolet press, |
| Name of publisher, distributor, etc. | 1963. |
| 300 ## - PHYSICAL DESCRIPTION | |
| Pagination | v. : |
| Illustrations | ill. ; |
| Size | 22 cm. |
| 504 ## - BIBLIOGRAPHY, ETC. NOTE | |
| Bibliography, etc | Includes index. |
| 505 0# - FORMATTED CONTENTS NOTE | |
| Formatted contents note | Vol. 1 -- V. 2 -- V. 3 -- V. 4 -- V. 5 -- |
| 650 #0 - SUBJECT ADDED ENTRY--TOPICAL TERM | |
| Topical term or geographic name as entry element | Electricity |
| 9 (RLIN) | 29771 |
| Topical term or geographic name as entry element | Electrical engineering |
| Form subdivision | Periodicals. |
| 9 (RLIN) | 215396 |
| Topical term or geographic name as entry element | Electric industries |
| Form subdivision | Periodicals. |
| 9 (RLIN) | 29772 |
| 942 ## - ADDED ENTRY ELEMENTS (KOHA) | |
| Source of classification or shelving scheme | Dewey Decimal Classification |
| Koha item type | Books |
| Lost status | Source of classification or shelving scheme | Damaged status | Not for loan | Collection code | Permanent Location | Current Location | Shelving location | Date acquired | Source of acquisition | Total Checkouts | Full call number | Date last seen | Copy number | Koha item type |
|---|---|---|---|---|---|---|---|---|---|---|---|---|---|---|
| Dewey Decimal Classification | Not For Loan | Non-fiction | Central Library, University of Rajshahi | Central Library, University of Rajshahi | Reading Room | 01/07/1966 | Asia Foundation. | 537 VAE V-1 1963 | 21/01/2014 | C-1 | Books | |||
| Dewey Decimal Classification | Non-fiction | Central Library, University of Rajshahi | Central Library, University of Rajshahi | 01/07/1966 | Asia Foundation | 537 VAE V-4 1963 | 24/05/2017 | C-1 | Books | |||||
| Dewey Decimal Classification | Non-fiction | Central Library, University of Rajshahi | Central Library, University of Rajshahi | 01/07/1966 | Asia Foundation | 537 VAE V-3 1963 | 24/05/2017 | C-1 | Books | |||||
| Dewey Decimal Classification | Non-fiction | Central Library, University of Rajshahi | Central Library, University of Rajshahi | 01/07/1966 | Asia Foundation | 537 VAE V-2 1963 | 24/05/2017 | C-1 | Books | |||||
| Dewey Decimal Classification | Not For Loan | Non-fiction | Central Library, University of Rajshahi | Central Library, University of Rajshahi | Reading Room | 01/07/1966 | Asia Foundation | 537 VAE V-5 1963 | 24/05/2017 | C-1 | Books |